Performance management

Αποθηκεύτηκε σε:
Λεπτομέρειες βιβλιογραφικής εγγραφής
Κύριος συγγραφέας: Armstrong, Michael 1928-
Μορφή: Βιβλίο
Γλώσσα:English
Δημοσίευση: London : Kogan Page, 1994
Θέματα:
Ετικέτες: Προσθήκη ετικέτας
Δεν υπάρχουν, Καταχωρήστε ετικέτα πρώτοι!

MARC

LEADER 00000nam a2200000 i 4500
001 1/61169
008 980609s1994 eng d
020 |a 0749412429 
035 |l 10028846 
040 |a GR-MY-UA  |b gre  |e aacr 
041 0 |a eng 
082 0 |a 658.3125 
100 1 |a Armstrong, Michael  |d 1928- 
245 1 0 |a Performance management /  |c Michael Armstrong 
260 |a London :   |b Kogan Page,   |c 1994 
300 |a 256 p. 
504 |a Includes bibliography and index 
650 0 0 |a Personnel management. 
650 0 0 |a Performance  |x Evaluation. 
852 |a INST  |b CHIOS  |e 19980609  |h 658.3125 ARM  |p 005200016327  |q 005200016327  |t BK  |y 0 
901 |a BIBL-1998-2 
909 |a Χ  |b 056983 
922 |a 2ΕΛΗ  |b 199805  |c ΤΔΕ  |d ΠΑΠΑΣΩΤΗΡΙΟΥ